[Event "Mittelfranken-chTB2b 1920"]
[Site "Mittelfranken"]
[Date "2019.12.01"]
[Round "3.4"]
[White "Rosin, Ralf"]
[Black "Rummel, Gerald"]
[Result "0-1"]
[WhiteElo "1923"]
[BlackElo "1834"]
[PlyCount "144"]
[EventDate "2019.10.13"]
[EventType "team-tourn"]
[EventRounds "9"]
[EventCountry "GER"]
[SourceTitle "EXT 2023"]
[Source "ChessBase"]
[SourceDate "2022.10.05"]
[SourceVersion "1"]
[SourceVersionDate "2022.10.05"]
[SourceQuality "1"]
[WhiteTeam "Grossenseebach"]
[BlackTeam "Nuernberg Anderssen"]
[WhiteTeamCountry "GER"]
[BlackTeamCountry "GER"]

1. e4 e6 2. Qe2 c5 3. g3 Nc6 4. d3 Be7 5. Bg2 d6 6. f4 Bd7 7. Nf3 Nf6 8. 0-0 Qb6 9. c3 0-0 10. Kh1 Rfe8 11. Nbd2 Qc7 12. a4 a6 13. Nc4 b5 14. axb5 axb5 15. Rxa8 Rxa8 16. Na3 Rb8 17. Be3 b4 18. Nc4 bxc3 19. bxc3 Na5 20. Ncd2 Rb2 21. Rb1 Qb8 22. Qd1 Rxb1 23. Qxb1 Qxb1+ 24. Nxb1 c4 25. Ne1 cxd3 26. Nxd3 Nc4 27. Bc1 Bc6 28. e5 Bxg2+ 29. Kxg2 dxe5 30. fxe5 Ng4 31. Bf4 g5 32. h3 gxf4 33. hxg4 fxg3 34. Kxg3 Nxe5 35. Nxe5 Bd6 36. Kf4 f6 37. Ke4 Bxe5 38. c4 Kg7 39. Nd2 Bd6 40. Nf3 Bc5 41. Kf4 Kh6 42. Ke4 Kg6 43. Kf4 h5 44. gxh5+ Kxh5 45. Nd2 Bd6+ 46. Kf3 f5 47. Nb3 e5 48. c5 Bc7 49. Nd2 Kg5 50. Nc4 Kf6 51. Ne3 e4+ 52. Ke2 Ke5 53. Nc4+ Kd4 54. Nd6 Ke5 55. Nb5 Ba5 56. c6 f4 57. c7 f3+ 58. Kf1 e3 59. c8Q e2+ 60. Kf2 e1Q+ 61. Kxf3 Qe4+ 62. Kf2 Bb6+ 63. Kg3 Qe1+ 64. Kf3 Qf2+ 65. Kg4 Qe2+ 66. Kg3 Bf2+ 67. Kg2 Be1+ 68. Kg1 Qf2+ 69. Kh1 Qf3+ 70. Kh2 Bg3+ 71. Kh3 Bf4+ 72. Kh4 Qg3+ 0-1

[Event "Mittelfranken-chTB2b 1819"]
[Site "Mittelfranken"]
[Date "2019.02.10"]
[Round "5.4"]
[White "Abmayr, Bernhard"]
[Black "Rummel, Gerald"]
[Result "0-1"]
[WhiteElo "1751"]
[BlackElo "1793"]
[PlyCount "96"]
[EventDate "2018.10.14"]
[EventType "team-tourn"]
[EventRounds "9"]
[EventCountry "GER"]
[SourceTitle "EXT 2022"]
[Source "ChessBase"]
[SourceDate "2021.10.06"]
[SourceVersion "1"]
[SourceVersionDate "2021.10.06"]
[SourceQuality "1"]
[WhiteTeam "Uttenreuth"]
[BlackTeam "Nuernberg Anderssen"]
[WhiteTeamCountry "GER"]
[BlackTeamCountry "GER"]

1. e4 e6 2. d4 d5 3. exd5 exd5 4. Nf3 Bd6 5. c4 c6 6. Nc3 Ne7 7. h3 0-0 8. c5 Bc7 9. Bd3 b6 10. b4 a5 11. bxa5 bxc5 12. dxc5 Bf5 13. Nd4 Bxa5 14. Bb2 Bxd3 15. Qxd3 Nd7 16. Nb3 Ne5 17. Qc2 Bc7 18. Ne2 Nc4 19. Bc3 Ng6 20. 0-0 Qd7 21. Nbd4 Rfe8 22. Rfe1 Nf8 23. Nf5 Be5 24. Bxe5 Rxe5 25. Nfd4 Qe8 26. Nf3 Re7 27. Ned4 Ne6 28. Nxe6 Rxe6 29. Kf1 Rxe1+ 30. Rxe1 Qf8 31. Ng5 g6 32. Qe2 Qxc5 33. Nxf7 Kxf7 34. Qe6+ Kg7 35. h4 Rf8 36. Re2 Qd6 37. Qg4 Qf4 38. Qd7+ Rf7 39. Qe6 Qxh4 40. Kg1 Qf6 41. Qc8 Nd6 42. Qxc6 d4 43. Qd5 Qf4 44. a4 Rf5 45. Re7+ Kh6 46. Qg8 Qxf2+ 47. Kh2 Qh4+ 48. Kg1 Qxe7 0-1

[Event "Mittelfranken-chTB2b 1819"]
[Site "Mittelfranken"]
[Date "2019.01.27"]
[Round "4.4"]
[White "Rummel, Gerald"]
[Black "Renner, Christian"]
[Result "1/2-1/2"]
[WhiteElo "1793"]
[BlackElo "1865"]
[PlyCount "33"]
[EventDate "2018.10.14"]
[EventType "team-tourn"]
[EventRounds "9"]
[EventCountry "GER"]
[SourceTitle "EXT 2022"]
[Source "ChessBase"]
[SourceDate "2021.10.06"]
[SourceVersion "1"]
[SourceVersionDate "2021.10.06"]
[SourceQuality "1"]
[WhiteTeam "Nuernberg Anderssen"]
[BlackTeam "Nuernberg Noris Tarrasch IV"]
[WhiteTeamCountry "GER"]
[BlackTeamCountry "GER"]

1. d4 Nf6 2. Bf4 d5 3. e3 g6 4. Be2 Bg7 5. Nd2 c5 6. c3 Nc6 7. Ngf3 0-0 8. 0-0 Nd7 9. h3 Qb6 10. Qb3 Qxb3 11. axb3 e5 12. dxe5 Ndxe5 13. Nxe5 Bxe5 14. Bxe5 Nxe5 15. Nf3 Nc6 16. Rfd1 Rd8 17. Bb5 1/2-1/2

[Event "Mittelfranken-chTB2b 1718"]
[Site "Mittelfranken"]
[Date "2018.05.06"]
[Round "9.3"]
[White "Wegmann, Wolfgang"]
[Black "Rummel, Gerald"]
[Result "1-0"]
[WhiteElo "1896"]
[BlackElo "1815"]
[PlyCount "45"]
[EventDate "2017.10.08"]
[EventType "team-tourn"]
[EventRounds "9"]
[EventCountry "GER"]
[SourceTitle "EXT 2022"]
[Source "ChessBase"]
[SourceDate "2021.10.06"]
[SourceVersion "1"]
[SourceVersionDate "2021.10.06"]
[SourceQuality "1"]
[WhiteTeam "Heideck/Hilpoltstein"]
[BlackTeam "Nuernberg Anderssen"]
[WhiteTeamCountry "GER"]
[BlackTeamCountry "GER"]

1. c4 Nf6 2. Nc3 g6 3. e4 d6 4. g3 Bg7 5. Bg2 c5 6. Nge2 Nc6 7. h3 0-0 8. 0-0 a6 9. d3 Rb8 10. a4 Nd7 11. Be3 Nd4 12. Rb1 Nxe2+ 13. Nxe2 Ne5 14. f4 Nc6 15. f5 e6 16. g4 exf5 17. gxf5 Be5 18. d4 cxd4 19. Nxd4 Qb6 20. Nc2 Qb3 21. Bh6 Re8 22. Ne3 Bd4 23. Qxb3 1-0

[Event "Mittelfranken-chTB2b 1718"]
[Site "Mittelfranken"]
[Date "2018.03.04"]
[Round "6.3"]
[White "Werner, Thomas"]
[Black "Rummel, Gerald"]
[Result "1-0"]
[WhiteElo "1899"]
[BlackElo "1815"]
[PlyCount "79"]
[EventDate "2017.10.08"]
[EventType "team-tourn"]
[EventRounds "9"]
[EventCountry "GER"]
[SourceTitle "EXT 2022"]
[Source "ChessBase"]
[SourceDate "2021.10.06"]
[SourceVersion "1"]
[SourceVersionDate "2021.10.06"]
[SourceQuality "1"]
[WhiteTeam "Nuernberg Sued SW III"]
[BlackTeam "Nuernberg Anderssen"]
[WhiteTeamCountry "GER"]
[BlackTeamCountry "GER"]

1. d4 Nf6 2. c4 e6 3. Nc3 Bb4 4. Qc2 d5 5. a3 Bxc3+ 6. Qxc3 Ne4 7. Qc2 0-0 8. Nf3 b6 9. b4 c5 10. dxc5 bxc5 11. e3 Nd7 12. Bd3 Bb7 13. 0-0 Rc8 14. b5 h6 15. a4 Nd6 16. a5 dxc4 17. Bxc4 Bxf3 18. gxf3 Nxc4 19. Qxc4 Qf6 20. Rb1 Ne5 21. Qe4 Nxf3+ 22. Kg2 Ng5 23. Qg4 Qg6 24. Bb2 f5 25. Qf4 c4 26. Bd4 Rf7 27. Kh1 Qh5 28. f3 c3 29. b6 axb6 30. axb6 c2 31. b7 Rxb7 32. Rxb7 e5 33. Qxe5 Qxf3+ 34. Rxf3 c1Q+ 35. Kg2 Qc2+ 36. Kg3 Ne4+ 37. Kh4 g5+ 38. Kh3 g4+ 39. Kh4 Nf6 40. Qe6+ 1-0

[Event "Mittelfranken-chTB2b 1718"]
[Site "Mittelfranken"]
[Date "2018.02.18"]
[Round "5.4"]
[White "Hirn, Erwin"]
[Black "Rummel, Gerald"]
[Result "1-0"]
[WhiteElo "1975"]
[BlackElo "1815"]
[PlyCount "81"]
[EventDate "2017.10.08"]
[EventType "team-tourn"]
[EventRounds "9"]
[EventCountry "GER"]
[SourceTitle "EXT 2022"]
[Source "ChessBase"]
[SourceDate "2021.10.06"]
[SourceVersion "1"]
[SourceVersionDate "2021.10.06"]
[SourceQuality "1"]
[WhiteTeam "Neumarkt"]
[BlackTeam "Nuernberg Anderssen"]
[WhiteTeamCountry "GER"]
[BlackTeamCountry "GER"]

1. e4 e6 2. Nf3 d5 3. exd5 exd5 4. d4 Bd6 5. Bd3 Ne7 6. Bg5 Be6 7. Nbd2 Nd7 8. Qe2 0-0 9. Nh4 h6 10. Qh5 Re8 11. Ndf3 Nf8 12. Be3 Qd7 13. h3 c6 14. 0-0-0 Qc7 15. g4 f6 16. Nf5 Bf7 17. Nxh6+ gxh6 18. Qxh6 Neg6 19. Rde1 Bf4 20. g5 Re7 21. Nh4 Nxh4 22. Qxh4 Ng6 23. Qh6 Nf8 24. Rhg1 f5 25. Bxf5 Rae8 26. Rg4 Qd6 27. Rxf4 Rxe3 28. fxe3 Rxe3 29. Ref1 Re1+ 30. Kd2 Rxf1 31. Rxf1 Qb4+ 32. Kc1 Qc4 33. Bd3 Qxa2 34. g6 Nxg6 35. Rxf7 Kxf7 36. Qxg6+ Ke7 37. Qg7+ Kd6 38. Qe5+ Kd7 39. Bf5+ Kd8 40. Qd6+ Ke8 41. Bg6# 1-0

[Event "Mittelfranken-ch QT 66th"]
[Site "Uttenreuth"]
[Date "2017.04.13"]
[Round "3"]
[White "Rummel, Gerald"]
[Black "Grasser, Stefan"]
[Result "1-0"]
[WhiteElo "1772"]
[BlackElo "1755"]
[PlyCount "117"]
[EventDate "2017.04.12"]
[EventType "swiss"]
[EventRounds "7"]
[EventCountry "GER"]
[SourceTitle "EXT 2020"]
[Source "ChessBase"]
[SourceDate "2019.10.17"]
[SourceVersion "1"]
[SourceVersionDate "2019.10.17"]
[SourceQuality "1"]

1. d4 b5 2. e4 Bb7 3. Bxb5 Bxe4 4. Nf3 Nf6 5. Nc3 Bb7 6. 0-0 a6 7. Ba4 e6 8. Re1 Be7 9. Bb3 c6 10. Bf4 0-0 11. Ng5 h6 12. Nge4 d5 13. Nc5 Bc8 14. Qd3 Nbd7 15. N3a4 Nxc5 16. Nxc5 Qa5 17. Bd2 Qb6 18. Na4 Qa7 19. c3 a5 20. Bc2 Re8 21. Qf3 Ba6 22. Nc5 Bxc5 23. dxc5 Qe7 24. Bf4 Qxc5 25. Bxh6 Qd6 26. Rad1 Rab8 27. b3 c5 28. Bg5 Nd7 29. Qh5 Nf8 30. Re3 f5 31. Bxf5 exf5 32. Rxe8 g6 33. Rxf8+ Rxf8 34. Qh4 Qe6 35. f3 Qe5 36. c4 d4 37. Re1 Qh8 38. Qg3 d3 39. Be3 Qf6 40. Bxc5 d2 41. Rd1 Rd8 42. Be3 Rd3 43. Bg5 Qd4+ 44. Qf2 Qb2 45. Qe2 Qc2 46. Rxd2 Rxd2 47. Qxd2 Qxd2 48. Bxd2 a4 49. Kf2 Kf7 50. Ke3 Ke6 51. Kd4 axb3 52. axb3 Bb7 53. b4 Kd6 54. Bf4+ Ke6 55. b5 Ba8 56. c5 Bd5 57. c6 Bb3 58. b6 Ba4 59. b7 1-0

[Event "Mittelfranken Mitte-ch"]
[Site "Nuremberg"]
[Date "2017.01.07"]
[Round "4"]
[White "Huber, Dominik"]
[Black "Rummel, Gerald"]
[Result "0-1"]
[WhiteElo "1156"]
[BlackElo "1772"]
[PlyCount "48"]
[EventDate "2017.01.05"]
[EventType "swiss"]
[EventRounds "7"]
[EventCountry "GER"]
[SourceTitle "EXT 2018"]
[Source "ChessBase"]
[SourceDate "2017.10.13"]
[SourceVersion "1"]
[SourceVersionDate "2017.10.13"]
[SourceQuality "1"]

1. e4 c5 2. Nf3 e6 3. d4 cxd4 4. Nxd4 Nc6 5. Nc3 Qc7 6. Be3 a6 7. Be2 Nf6 8. Qd2 Bb4 9. a3 Nxe4 10. Qd3 Bxc3+ 11. bxc3 d5 12. c4 Ne5 13. Qb3 Nxc4 14. Bxc4 Qxc4 15. Qb2 e5 16. Nf3 Nc3 17. Ng1 0-0 18. Bd2 d4 19. Qb4 Qd5 20. Nf3 Ne4 21. Bc1 Bg4 22. Nd2 Nxd2 23. Bxd2 Qxg2 24. Rf1 Qe4+ 0-1

[Event "Nuremberg Zabo op 17th"]
[Site "Nuremberg"]
[Date "2015.09.25"]
[Round "4"]
[White "Geppert, Franz"]
[Black "Rummel, Gerald"]
[Result "0-1"]
[WhiteElo "1453"]
[BlackElo "1766"]
[PlyCount "62"]
[EventDate "2015.09.21"]
[EventType "swiss"]
[EventRounds "5"]
[EventCountry "GER"]
[SourceTitle "EXT 2018"]
[Source "ChessBase"]
[SourceDate "2017.10.13"]
[SourceVersion "1"]
[SourceVersionDate "2017.10.13"]
[SourceQuality "1"]

1. e4 e6 2. f4 d5 3. e5 c5 4. c3 Nh6 5. Nf3 Nc6 6. h3 Be7 7. g4 Bh4+ 8. Ke2 d4 9. d3 b6 10. Bd2 Bb7 11. Be1 Be7 12. c4 f6 13. exf6 gxf6 14. Rg1 Nf7 15. Bg2 Qc7 16. Bg3 0-0-0 17. Kf2 Bd6 18. Qd2 h5 19. Na3 a6 20. Rae1 Rde8 21. Nc2 hxg4 22. hxg4 e5 23. fxe5 Nfxe5 24. Nxe5 Nxe5 25. Bxb7+ Qxb7 26. Re4 Nxd3+ 27. Qxd3 Bxg3+ 28. Rxg3 Qxe4 29. Qxe4 Rxe4 30. Kf3 Re5 31. Kf4 Rh2 0-1

[Event "Nuremberg Zabo op 17th"]
[Site "Nuremberg"]
[Date "2015.09.21"]
[Round "2"]
[White "Feldheim, Jonas"]
[Black "Rummel, Gerald"]
[Result "1-0"]
[WhiteElo "2036"]
[BlackElo "1766"]
[PlyCount "35"]
[EventDate "2015.09.21"]
[EventType "swiss"]
[EventRounds "5"]
[EventCountry "GER"]
[SourceTitle "EXT 2018"]
[Source "ChessBase"]
[SourceDate "2017.10.13"]
[SourceVersion "1"]
[SourceVersionDate "2017.10.13"]
[SourceQuality "1"]

1. e4 e6 2. d4 d5 3. Nc3 Bb4 4. e5 c5 5. a3 Bxc3+ 6. bxc3 Ne7 7. Qg4 0-0 8. Bd3 Qa5 9. Bd2 Qa4 10. Qh5 Ng6 11. Nf3 c4 12. Ng5 h6 13. Nxf7 cxd3 14. Nxh6+ Kh7 15. Nf7+ Kg8 16. Ng5 Rf5 17. Qxg6 Qc6 18. Qh7+ 1-0

[Event "Nuremberg Zabo op 17th"]
[Site "Nuremberg"]
[Date "2015.09.21"]
[Round "5"]
[White "Rummel, Gerald"]
[Black "Holland, Arthur"]
[Result "1-0"]
[WhiteElo "1766"]
[BlackElo "1550"]
[PlyCount "67"]
[EventDate "2015.09.21"]
[EventType "swiss"]
[EventRounds "5"]
[EventCountry "GER"]
[SourceTitle "EXT 2018"]
[Source "ChessBase"]
[SourceDate "2017.10.13"]
[SourceVersion "1"]
[SourceVersionDate "2017.10.13"]
[SourceQuality "1"]

1. Nf3 Nf6 2. c4 c5 3. g3 g6 4. Bg2 d5 5. cxd5 Nxd5 6. Nc3 Bg7 7. 0-0 0-0 8. Qb3 Nb6 9. d3 Be6 10. Qc2 Nc6 11. b3 Nb4 12. Qd2 Bd5 13. Bb2 Bc6 14. Rac1 f5 15. Rfd1 e5 16. a3 Na6 17. e3 Qe7 18. Ne2 Rfe8 19. Qc2 Rad8 20. Nd2 Bxg2 21. Kxg2 Bh6 22. Nc4 f4 23. Nxb6 axb6 24. Qc4+ Kf8 25. gxf4 exf4 26. Qc3 Qg5+ 27. Kh1 Rd4 28. Nxd4 cxd4 29. Qxd4 fxe3 30. fxe3 Rxe3 31. Rc8+ Ke7 32. Qd8+ Ke6 33. Qxb6+ Kd7 34. Qxb7+ 1-0

[Event "Mittelfranken-ch QT"]
[Site "Nuremberg"]
[Date "2015.04.02"]
[Round "3"]
[White "Majid, Hakim"]
[Black "Rummel, Gerald"]
[Result "0-1"]
[WhiteElo "1287"]
[BlackElo "1809"]
[PlyCount "60"]
[EventDate "2015.04.01"]
[EventType "swiss"]
[EventRounds "7"]
[EventCountry "GER"]
[SourceTitle "CBM 166 Extra"]
[Source "ChessBase"]
[SourceDate "2015.06.18"]
[SourceVersion "1"]
[SourceVersionDate "2015.06.18"]
[SourceQuality "1"]

1. g3 Nf6 2. Bg2 g6 3. d3 Bg7 4. Nf3 0-0 5. c3 d5 6. 0-0 c6 7. Nbd2 Nbd7 8. a3 e5 9. Nb3 a5 10. Bd2 a4 11. Nc1 e4 12. dxe4 Nxe4 13. Be3 Re8 14. Bd4 Ndf6 15. e3 Nd6 16. Nd2 Nb5 17. Nf3 Nxd4 18. Nxd4 Bg4 19. Bf3 Bxf3 20. Qxf3 Ne4 21. Nce2 Nd2 22. Qg4 Re4 23. Qh3 Nxf1 24. Rxf1 Qe7 25. Nf3 Re8 26. Nd2 Rxe3 27. Nd4 Re1 28. Kg2 Rxf1 29. Nxf1 Bxd4 30. cxd4 Qe4+ 0-1

[Event "Mittelfranken Mitte-ch"]
[Site "Zirndorf"]
[Date "2015.01.02"]
[Round "1"]
[White "Weissmann, Peter"]
[Black "Rummel, Gerald"]
[Result "0-1"]
[WhiteElo "1656"]
[BlackElo "1826"]
[PlyCount "48"]
[EventDate "2015.01.02"]
[EventType "swiss"]
[EventRounds "7"]
[EventCountry "GE2"]
[SourceTitle "EXT 2018"]
[Source "ChessBase"]
[SourceDate "2017.10.13"]
[SourceVersion "1"]
[SourceVersionDate "2017.10.13"]
[SourceQuality "1"]

1. e4 e6 2. d4 d5 3. Nc3 Bb4 4. e5 c5 5. a3 Bxc3+ 6. bxc3 Ne7 7. Qg4 0-0 8. h4 Nbc6 9. Bg5 Qa5 10. Bd2 Qa4 11. Rh3 Nxe5 12. Qg3 N5c6 13. Bd3 c4 14. Be2 e5 15. dxe5 Bxh3 16. Nxh3 Qxc2 17. f4 Nf5 18. Qf2 d4 19. g4 dxc3 20. gxf5 cxd2+ 21. Kf1 Qxf5 22. Qg3 Qc2 23. h5 h6 24. Nf2 Qc1+ 0-1

[Event "Mittelfranken-chTB2a 1314"]
[Site "Mittelfranken"]
[Date "2014.05.04"]
[Round "9.2"]
[White "Ramisch, Franz"]
[Black "Rummel, Gerald"]
[Result "1/2-1/2"]
[WhiteElo "1830"]
[BlackElo "1786"]
[PlyCount "53"]
[EventDate "2013.10.20"]
[EventType "team-tourn"]
[EventRounds "9"]
[EventCountry "GER"]
[SourceTitle "EXT 2020"]
[Source "ChessBase"]
[SourceDate "2019.10.17"]
[SourceVersion "1"]
[SourceVersionDate "2019.10.17"]
[SourceQuality "1"]
[WhiteTeam "Dinkelsbuehl Wassertruedingen"]
[BlackTeam "Anderssen/78 Nuernberg"]
[WhiteTeamCountry "GER"]
[BlackTeamCountry "GER"]

1. e4 e6 2. d4 d5 3. Nd2 Nf6 4. e5 Nfd7 5. Ngf3 c5 6. c3 Nc6 7. Nb3 f6 8. Bb5 cxd4 9. exf6 Qxf6 10. Bg5 Qf7 11. Nbxd4 Nxd4 12. Qxd4 Bd6 13. 0-0 0-0 14. Bxd7 Bxd7 15. Ne5 Bxe5 16. Qxe5 Bb5 17. Rfe1 Qxf2+ 18. Kh1 Rae8 19. Be3 Qh4 20. Bd4 Rf7 21. Bxa7 Bd3 22. Re3 Be4 23. Rg3 Qf6 24. Bd4 Qxe5 25. Bxe5 Ref8 26. Kg1 g6 27. Bd6 1/2-1/2

[Event "Mittelfranken-chTB2a 1314"]
[Site "Mittelfranken"]
[Date "2014.03.09"]
[Round "7.3"]
[White "Rummel, Gerald"]
[Black "Koerber, Christian"]
[Result "1-0"]
[WhiteElo "1786"]
[BlackElo "1671"]
[PlyCount "33"]
[EventDate "2013.10.20"]
[EventType "team-tourn"]
[EventRounds "9"]
[EventCountry "GER"]
[SourceTitle "EXT 2020"]
[Source "ChessBase"]
[SourceDate "2019.10.17"]
[SourceVersion "1"]
[SourceVersionDate "2019.10.17"]
[SourceQuality "1"]
[WhiteTeam "Anderssen/78 Nuernberg"]
[BlackTeam "Fuerth SF II"]
[WhiteTeamCountry "GER"]
[BlackTeamCountry "GER"]

1. d4 Nf6 2. c4 e6 3. Nc3 b6 4. e4 Bb4 5. f3 d6 6. Qa4+ Nc6 7. d5 0-0 8. dxc6 Bxc3+ 9. bxc3 d5 10. e5 Nh5 11. Be3 f5 12. cxd5 Qxd5 13. f4 b5 14. Qxb5 Qe4 15. Qd3 Qxc6 16. Nf3 Ba6 17. Qc2 1-0

[Event "Mittelfranken Mitte-ch 1213"]
[Site "Zirndorf"]
[Date "2013.01.06"]
[Round "6"]
[White "Rummel, Gerald"]
[Black "Leis, Stefan"]
[Result "0-1"]
[WhiteElo "1797"]
[BlackElo "1876"]
[PlyCount "60"]
[EventDate "2013.01.03"]
[EventType "swiss"]
[EventRounds "7"]
[EventCountry "GER"]
[SourceTitle "EXT 2015"]
[Source "ChessBase"]
[SourceDate "2014.11.20"]
[SourceVersion "1"]
[SourceVersionDate "2014.11.20"]
[SourceQuality "1"]

1. d4 Nf6 2. Nf3 e6 3. Bf4 c5 4. e3 Qb6 5. Nc3 a6 6. Na4 Qa5+ 7. c3 cxd4 8. exd4 b5 9. Nc5 d6 10. Nd3 Bb7 11. a4 bxa4 12. Rxa4 Qc7 13. Nc5 Bc6 14. Ra1 Qc8 15. Nd3 Be7 16. Be2 0-0 17. 0-0 a5 18. b4 axb4 19. Nxb4 Rxa1 20. Qxa1 Be4 21. Nd2 d5 22. f3 Bg6 23. Rc1 Nc6 24. Nxc6 Qxc6 25. c4 dxc4 26. Nxc4 Qb7 27. Nd6 Qa8 28. Nb5 Nd5 29. Qxa8 Rxa8 30. Nc7 Nxf4 0-1

[Event "Mittelfranken Mitte-ch 1213"]
[Site "Zirndorf"]
[Date "2013.01.06"]
[Round "7"]
[White "Rummel, Gerald"]
[Black "Mantel, Ruben"]
[Result "1-0"]
[WhiteElo "1797"]
[BlackElo "1667"]
[PlyCount "37"]
[EventDate "2013.01.03"]
[EventType "swiss"]
[EventRounds "7"]
[EventCountry "GER"]
[SourceTitle "EXT 2015"]
[Source "ChessBase"]
[SourceDate "2014.11.20"]
[SourceVersion "1"]
[SourceVersionDate "2014.11.20"]
[SourceQuality "1"]

1. d4 Nf6 2. Nf3 g6 3. g3 Bg7 4. Bg2 d6 5. 0-0 Nbd7 6. c4 0-0 7. Nc3 e5 8. e3 Ne8 9. b4 f5 10. Qb3 Kh8 11. Bb2 Nef6 12. c5 Qe7 13. Ng5 h6 14. Ne6 Nxc5 15. Nxf8 Nxb3 16. Nxg6+ Kh7 17. Nxe7 Nxa1 18. Nxc8 Rxc8 19. Bxa1 1-0